000 00635nam a2200193Ii 4500
003 JO-AjNU
008 230605s9999||||xx |||||||||||||| ||und||
040 _aJO-AjNU
_bara
_erda
_cJO-AjNU
041 _aara
050 1 4 _aPJ7507.A4422 1985
100 3 _aعجلان، عباس بيومي,
_eauthor
_919088
245 0 0 _aمتابعات في النقد الادبي
264 3 1 _aالقاهرة: مؤسسة شباب الجامعة، 1985
300 _a251ص
336 _atext
_btxt
_2rdacontent
337 _aunmediated
_bn
_2rdamedia
338 _avolume
_bnc
_2rdacarrier
650 4 _aالادب العربي-تاريخ ونقد
_919089
999 _aA6227
_c9795
_d9795